GETS Theological Seminary Library

以賽亞書. 一至三十九章: (Record no. 1065)

MARC details
000 -LEADER
fixed length control field 01619nam a2200289Ia 4500
003 - CONTROL NUMBER IDENTIFIER
control field OSt
005 - DATE AND TIME OF LATEST TRANSACTION
control field 20241022102742.0
008 - FIXED-LENGTH DATA ELEMENTS--GENERAL INFORMATION
fixed length control field 200824s9999||||xx |||||||||||||| ||und||
020 ## - INTERNATIONAL STANDARD BOOK NUMBER
International Standard Book Number 1939251214
020 ## - INTERNATIONAL STANDARD BOOK NUMBER
International Standard Book Number 9781939251213
040 ## - CATALOGING SOURCE
Transcribing agency 0
041 ## - LANGUAGE CODE
Language code of text/sound track or separate title chi
Language code of original eng
050 ## - LIBRARY OF CONGRESS CALL NUMBER
Classification number BS1515.3
Item number .O84 2015
100 ## - MAIN ENTRY--PERSONAL NAME
Personal name Oswalt, John N.
245 #0 - TITLE STATEMENT
Title 以賽亞書. 一至三十九章:
Remainder of title /
Statement of responsibility, etc. 歐思沃 (John N. Oswalt) 著; 于卉譯
246 ## - VARYING FORM OF TITLE
Title proper/short title 以赛亚书. 一至三十九章:
Remainder of title /
260 ## - PUBLICATION, DISTRIBUTION, ETC.
Place of publication, distribution, etc. South Pasadena, Calif. :
Name of publisher, distributor, etc. 美國麥種傳道會 = A Kernel of Wheat Christian Ministries
Date of publication, distribution, etc. 2015
300 ## - PHYSICAL DESCRIPTION
Extent 888 p. :
Other physical details ill. ;
Dimensions 24 cm
500 ## - GENERAL NOTE
General note Translation of: The Book of Isaiah. Chapters 1-39.
505 ## - FORMATTED CONTENTS NOTE
Formatted contents note (導論)談論了以賽亞書的背景、寫作的統一性、寫作日期和作者身份、正典性、希伯來文文本、神學及詮釋問題,並為深入研究這卷書提供了精選的參考書目。毆思沃也詳盡探討了以賽亞書中的若干重要議題。雖然毆思沃與盛行的學術研究互動,但他極力捍衛這卷先知書的統一性,且令人信服地主張整卷書都是主前八世紀的以賽亞寫的。本註釋基於毆思沃對希伯來文文本的翻譯,結合神學和文學的敏感度、語言學和歷史的專業知識,忠實、準確、清晰地詮釋了古代背景下的以賽亞書,也闡述了它今日帶給我們的信息。<br/><br/>作者簡介
650 ## - SUBJECT ADDED ENTRY--TOPICAL TERM
Topical term or geographic name entry element Bible. Isaiah I-XXXIX Commentaries.
650 ## - SUBJECT ADDED ENTRY--TOPICAL TERM
Topical term or geographic name entry element Bible. O.T. Isaiah Commentaries.
650 ## - SUBJECT ADDED ENTRY--TOPICAL TERM
Topical term or geographic name entry element Comment.
700 ## - ADDED ENTRY--PERSONAL NAME
Personal name 于卉
700 ## - ADDED ENTRY--PERSONAL NAME
Personal name 歐思沃
942 ## - ADDED ENTRY ELEMENTS (KOHA)
Source of classification or shelving scheme
Koha item type Chinese Book
Holdings
Withdrawn status Lost status Source of classification or shelving scheme Damaged status Not for loan Home library Current library Shelving location Date acquired Total Checkouts Full call number Barcode Date last seen Price effective from Koha item type Cost, normal purchase price Copy number
    Library of Congress Classification     GETS Theological Seminary Library GETS Theological Seminary Library General Stacks 07/31/2020   BS1515.3 .O84312 2015 00000317 07/31/2020 07/31/2020 Chinese Book    
    Library of Congress Classification     GETS Theological Seminary Library GETS Theological Seminary Library General Stacks 08/24/2020   BS1515.3 .O84312 2015 00004560 08/24/2020 08/24/2020 Chinese Book 99.00 c. 2
OpacCredits

Contact the Librarian, GETS Library
Email: library@mygets.org









Implemented by GETS Library
(Powered by ETCA Professional Group)
GETS Theological Seminary
412 E. Rowland Street, CA 91723